000 00482nam a22001217a 4500
999 _c9732
_d9732
003 OSt
008 201203b ||||| |||| 00| 0 eng d
245 _aTransactions on Machine Design
250 _a2014(Feb Vol.2 No.1, Aug Vol.2 No.2) 2015(Feb Vol.3 No.1) 2016(Feb Vol.4 No.1, Aug Vol.4 No.2) 2017(Feb Vol.5 No.1, Aug Vol.5 No.2) 2018(Feb Vol.6 No.1, Aug Vol.6 No.2)
260 _aChennai
_bDigital Information Research Foundation
650 _aMechanical Engineering
942 _2ddc
_cBV